000
00220 a2200097 4500
001
45790
100
_a
Keeton G
245
_a
The year book of world affairs 1976
260
_a
London
_b
Stevens
_c
090
_c
28915
_d
28915
942
_a
NUST-CAE
_c
M
_c
21019
999
_c
280863
_d
280863